The Ebony tower. (Record no. 6249)
[ view plain ]
| 000 -LEADER | |
|---|---|
| fixed length control field | 00466nam a22001812 4500 |
| 001 - CONTROL NUMBER | |
| control field | 0000003144 |
| 005 - DATE AND TIME OF LATEST TRANSACTION | |
| control field | 20151217151916.0 |
| 008 - FIXED-LENGTH DATA ELEMENTS--GENERAL INFORMATION | |
| fixed length control field | 070430s xx 000 0 eng d |
| 040 ## - CATALOGING SOURCE | |
| Original cataloging agency | KABU |
| Transcribing agency | KABU |
| 050 #0 - LIBRARY OF CONGRESS CALL NUMBER | |
| Classification number | PR6056 |
| Item number | .O85E26 |
| 100 1# - MAIN ENTRY--PERSONAL NAME | |
| Personal name | Fowles, John. |
| -- | 0000152816 |
| 245 14 - TITLE STATEMENT | |
| Title | The Ebony tower. |
| 260 ## - PUBLICATION, DISTRIBUTION, ETC. (IMPRINT) | |
| Place of publication, distribution, etc. | Boston : |
| Name of publisher, distributor, etc. | Little, Brown, |
| Date of publication, distribution, etc. | 1974. |
| 300 ## - PHYSICAL DESCRIPTION | |
| Extent | 274 p. |
| 908 ## - PUT COMMAND PARAMETER (RLIN) | |
| Put command parameter | 070430 |
| 950 ## - LOCAL HOLDINGS (RLIN) | |
| -- | 1 |
| Withdrawn status | Lost status | Source of classification or shelving scheme | Not for loan | Home library | Current library | Date acquired | Total Checkouts | Full call number | Barcode | Date last seen | Date last checked out | Price effective from | Koha item type |
|---|---|---|---|---|---|---|---|---|---|---|---|---|---|
| Library of Congress Classification | Kabarak, Main Campus | Kabarak, Main Campus | 17/12/2015 | 1 | PR6056 .O85E26 | 008425 | 26/05/2022 | 09/05/2022 | 17/12/2015 | General Collection |